Ultrakill - Level Names - Statistics

General Stats
  • This quiz has been taken 279 times
  • The average score is 15 of 26
Answer Stats
Level # Level Name % Correct
0-1 Into the Fire
84%
0-5 Cerberus
79%
1-4 Clair de Lune
77%
4-2 God Damn the Sun
67%
0-2 Meatgrinder
66%
0-4 One-Machine Army
66%
1-2 The Burning World
63%
P-1 Soul Survivor
62%
4-4 Clair de Soleil
60%
0-3 Double Down
60%
2-1 Bridgeburner
58%
2-2 Death at 20,000 Volts
58%
2-3 Sheer Heart Attack
58%
5-4 Leviathan
57%
3-1 Belly of the Beast
55%
2-4 Court of the Corpse King
55%
4-3 A Shot in the Dark
52%
3-2 In the Flesh
51%
5-3 Ship of Fools
51%
4-1 Slaves to Power
49%
6-1 Cry for the Weeper
48%
1-1 Heart of the Sunrise
43%
5-2 Waves of the Starless Sea
43%
1-3 Halls of Sacred Remains
42%
6-2 Aesthetics of Hate
40%
5-1 In the Wake of Poseidon
40%
No matching quizzes found
Score Distribution
Percent of People with Each Score
Percentile by Number Answered
Your Score History
You have not taken this quiz